<?xml version="1.0" encoding="UTF-8"?><?xml-stylesheet type="text/xsl" href="static/style.xsl"?><OAI-PMH xmlns="http://www.openarchives.org/OAI/2.0/" xmlns:xsi="http://www.w3.org/2001/XMLSchema-instance" xsi:schemaLocation="http://www.openarchives.org/OAI/2.0/ http://www.openarchives.org/OAI/2.0/OAI-PMH.xsd"><responseDate>2026-06-29T01:17:50Z</responseDate><request verb="GetRecord" identifier="oai:docta.ucm.es:20.500.14352/122120" metadataPrefix="marc">https://docta.ucm.es/rest/oai/request</request><GetRecord><record><header><identifier>oai:docta.ucm.es:20.500.14352/122120</identifier><datestamp>2025-10-31T09:31:05Z</datestamp><setSpec>com_20.500.14352_14</setSpec><setSpec>col_20.500.14352_18</setSpec></header><metadata><record xmlns="http://www.loc.gov/MARC21/slim" xmlns:dcterms="http://purl.org/dc/terms/" xmlns:xsi="http://www.w3.org/2001/XMLSchema-instance" xmlns:doc="http://www.lyncode.com/xoai" xsi:schemaLocation="http://www.loc.gov/MARC21/slim http://www.loc.gov/standards/marcxml/schema/MARC21slim.xsd">
   <leader>00925njm 22002777a 4500</leader>
   <datafield ind2=" " ind1=" " tag="042">
      <subfield code="a">dc</subfield>
   </datafield>
   <datafield ind2=" " ind1=" " tag="720">
      <subfield code="a">Olivera Zaldúa, María</subfield>
      <subfield code="e">author</subfield>
   </datafield>
   <datafield ind2=" " ind1=" " tag="720">
      <subfield code="a">Terra, Ana Lucía</subfield>
      <subfield code="e">author</subfield>
   </datafield>
   <datafield ind2=" " ind1=" " tag="720">
      <subfield code="a">Agustín Lacruz, Carmen</subfield>
      <subfield code="e">author</subfield>
   </datafield>
   <datafield ind2=" " ind1=" " tag="260">
      <subfield code="c">2025-06</subfield>
   </datafield>
   <datafield ind2=" " ind1=" " tag="520">
      <subfield code="a">El uso de la información, el modo de conservarla y de difundirla ocupa un lugar muy destacado en el ámbito documental, patrimonial y social; y la organización del conocimiento cobra particular importancia en este hecho. El VI Congreso ISKO España-Portugal quiere centrar la atención en el tratamiento y uso de esquemas de organización en diversas áreas que incluyan el ámbito documento (desde el más amplio de los sentidos), el valor patrimonial (conservado en archivos, bibliotecas, museos, centros de documentos, etc.), aspectos teóricos y epistemológicos, dimensión social del conocimiento; y formación y desarrollo profesional. Además, este año 2023 se celebra el 30º aniversario de ISKO España-Portugal, celebrado en 1993 en la Universidad de Zaragoza.

Está organizado por la Facultad de Ciencias de la Documentación de la Universidad Complutense de Madrid y el Capítulo Ibérico de ISKO - International Society for Knowledge Organization.

Durante esa misma semana, entre el 23 y el 25 de octubre, también se celebrará en Madrid, en la Facultad de Ciencias de la Documentación, el XI Encuentro Ibérico de la Asociación para la Educación y la Investigación en Ciencias de la Información de Iberoamérica y el Caribe (EDICIC).

 

Ejes temáticos:

1. Organización del conocimiento en el ámbito documental

2. Organización del conocimiento en el valor patrimonial

3. Dimensión social en la organización del conocimiento

4. Teoría y epistemología en la organización del conocimiento

5. Futuro profesionales en la organización del conocimiento</subfield>
   </datafield>
   <datafield ind1="8" ind2=" " tag="024">
      <subfield code="a">978-84-09-17623-6</subfield>
   </datafield>
   <datafield ind1="8" ind2=" " tag="024">
      <subfield code="a">https://hdl.handle.net/20.500.14352/122120</subfield>
   </datafield>
   <datafield ind2="0" ind1="0" tag="245">
      <subfield code="a">VI Congreso ISKO España-Portugal 2023 16º Congreso ISKO España</subfield>
   </datafield>
</record></metadata></record></GetRecord></OAI-PMH>